| 000 | 00787nam a2200241 a 4500 | ||
|---|---|---|---|
| 001 | 000016407 | ||
| 005 | 20240503073630.0 | ||
| 008 | 100304s1943 sp 000 f spa d | ||
| 040 |
_aDO-SdBNP _bspa _cBNPHU |
||
| 082 |
_a863.3 _bC419n |
||
| 100 | 1 |
_aCervantes Saavedra, Miguel de, _d1547-1616 _93070 |
|
| 245 | 1 | 0 |
_aNovelas ejemplares / _cCervantes; edición y notas de Francisco Rodríguez Marín. |
| 260 |
_aMadrid : _bEspasa-Calpe, _c1943. |
||
| 300 |
_av. ; _c18 cm. |
||
| 490 | 1 |
_aClásicos castellanos _v36 |
|
| 500 | _aIncluye notas al pie de las páginas. | ||
| 650 | 4 |
_aNovela española _91123 |
|
| 650 | 4 |
_aLiteratura española _9632 |
|
| 700 | 1 |
_aRodríguez Marín, Francisco, _ced. _936299 |
|
| 830 | 0 |
_aClásicos castellanos; _v36 _94180 |
|
| 910 | _aWM | ||
| 049 | _aBNGR | ||
| 999 |
_c15942 _d15942 |
||